| 000 | 00475nam a22001577a 4500 | ||
|---|---|---|---|
| 999 |
_c40622 _d40622 |
||
| 003 | OSt | ||
| 005 | 20210122111434.0 | ||
| 008 | 191016b ||||| |||| 00| 0 eng d | ||
| 020 | _a9789388426398 | ||
| 040 | _coclc | ||
| 082 |
_a001 _bRAO/G |
||
| 100 |
_aRao, D V K _98358 |
||
| 245 |
_aGeneral Studies Paper II for Civil Services Main Examination / _cD V K Rao |
||
| 260 |
_aNew Delhi: _bCL Media, _c2018. |
||
| 942 |
_2ddc _cREF _h001 _iRAO/G _k001 _mRAO/G |
||